000 01109nam a2200313 i 4500
003 DO-SdBNP
005 20240906131640.0
007 ta
008 240730s1996 sp 000 0 spa d
020 _a8424917944
040 _aDO-SdBNP
_bspa
_cBNPHU
_erda
041 _aara
_dspa
082 4 _a492.73
_bC828d
_222
100 1 _aCortes, Julio,
_949373
_eautor
_4aut.
245 1 0 _aDiccionario de árabe culto moderno :
_bárabe-español /
_cJulio Cortés
264 1 _aMadrid, España :
_bEditorial Gredos, S. A. ;
_c©1996.
300 _aXXVI, 1300, 13 páginas ;
_c25 cm.
336 _atexto
_btxt
_2rdacontent
337 _bn
_asin mediación
_2rdamedia
338 _avolumen
_bnc
_2rdacarrier
490 1 _aBiblioteca Romanica Hispanica ;
_vV
490 1 _aDiccionarios ;
_v18
590 _aInventariado, YL/ 2024
650 4 _aLengua árabe
_xDiccionarios
_xEspañol
_986182
650 4 _aLengua árabe
_xDiccionarios
_xLengua española
_986183
830 0 _aBiblioteca Romanica Hispanica ;
_nV.
_pDiccionarios ;
_n18
_986538
910 _aYLockward. Validado Control de Calidad/MAA
942 _2ddc
_cLBS1
999 _c57368
_d57368